000 00527nam a22001697a 4500
003 OSt
005 20251126090344.0
008 251126b |||||||| |||| 00| 0 eng d
020 _a0-07-110832-7
040 _aDWCL-Admin lib
_cOC
082 _aCirc. 302.2 T884 2006
100 _aTubbs, Stewart L.
245 _aHuman communication :
_bprinciples and contexts /
_cStewart L. Tubbs
260 _aBoston :
_bMcGraw-Hill,
_cc2006
300 _a xvii (various paging) :
_bill. ;
_c23 cm.
942 _2ddc
_cBK-CIRC
_e10th ed.
_kCirc.
_n0
999 _c6350
_d6350